000 01165nam a2200313Ia 4500
001 ebr10185425
003 CaPaEBR
006 m u
007 cr cn|||||||||
008 950406s1995 ncu sb 000 0 eng d
010 _z 95016617
020 _z1882197070
040 _aCaPaEBR
_cCaPaEBR
035 _a(OCoLC)232160371
050 1 4 _aHD57.7
_b.S288 1995eb
082 0 4 _a658.4/092
_220
100 1 _aSayles, Leonard R.
245 1 0 _aLeadership for turbulent times
_h[electronic resource] /
_cLeonard R. Sayles.
260 _aGreensboro, N.C. :
_bCenter for Creative Leadership,
_cc1995.
300 _aix, 45 p.
500 _a"CCL No. 325"--T.p. verso.
504 _aIncludes bibliographical references (p. 43-44).
533 _aElectronic reproduction.
_bPalo Alto, Calif. :
_cebrary,
_d2009.
_nAvailable via World Wide Web.
_nAccess may be limited to ebrary affiliated libraries.
650 0 _aLeadership.
650 0 _aManagement.
655 7 _aElectronic books.
_2local
710 2 _aebrary, Inc.
856 4 0 _uhttp://site.ebrary.com/lib/rucke/Doc?id=10185425
_zAn electronic book accessible through the World Wide Web; click to view
999 _c145044
_d145044